[Event "Swiss Queens Wed #4"]
[Site "FIDE Online Arena INT"]
[Date "2024.02.21"]
[Round "1"]
[White "Warsia, Khusbu"]
[Black "Poliakova, Varvara"]
[Result "0-1"]
[WhiteElo "1736"]
[BlackElo "1973"]
[PlyCount "88"]
[EventDate "2024.02.21"]
[EventType "swiss (blitz)"]
[EventRounds "11"]
[EventCountry "NET"]
[SourceTitle "CB09_2024"]
[SourceDate "2024.02.28"]
[SourceVersion "1"]
[SourceVersionDate "2024.02.28"]
[SourceQuality "1"]

1. e4 d5 2. exd5 Qxd5 3. Nc3 Qd6 4. d4 c6 5. Bc4 Nf6 6. Be3 Bf5 7. Qd2 e6 8. 0-0-0 Qc7 9. Nf3 Bd6 10. Nh4 Bg6 11. Nxg6 hxg6 12. Bg5 Nbd7 13. g3 Nb6 14. Bb3 0-0-0 15. Rhe1 Kb8 16. h4 a6 17. Qe2 Nbd5 18. Ne4 Be7 19. Bxd5 cxd5 20. Nxf6 gxf6 21. Bf4 Bd6 22. Bxd6 Rxd6 23. Qf3 f5 24. Qf4 Ka7 25. Rd3 Rc6 26. Qxc7 Rxc7 27. Ree3 Rc4 28. b3 Rc7 29. Rc3 Kb6 30. Rxc7 Kxc7 31. Rc3+ Kd6 32. f4 f6 33. Re3 Rh5 34. Kd2 g5 35. hxg5 fxg5 36. fxg5 Rxg5 37. Ke2 Rh5 38. Kf3 Rh2 39. Re2 Rh1 40. Kf4 Rf1+ 41. Kg5 Kd7 42. Kf6 f4 43. gxf4 Rxf4+ 44. Ke5 Rf5# 0-1

[Event "Asia zt 3.2 (Women)"]
[Site "Dhaka"]
[Date "2023.05.09"]
[Round "8"]
[White "Wijesuriya, GPY"]
[Black "Warsia, Khusbu"]
[Result "1/2-1/2"]
[WhiteElo "1544"]
[BlackElo "1766"]
[PlyCount "140"]
[EventDate "2023.05.02"]
[EventType "tourn"]
[EventRounds "9"]
[EventCountry "BAN"]
[SourceTitle "CBM 215 Extra"]
[Source "ChessBase"]
[SourceDate "2023.09.30"]
[SourceVersion "1"]
[SourceVersionDate "2023.09.30"]
[SourceQuality "1"]

1. e4 e5 2. Nf3 Nc6 3. Bc4 Bc5 4. 0-0 Nf6 5. d3 h6 6. c3 d6 7. h3 Be6 8. Nbd2 0-0 9. Re1 a5 10. Bb3 b5 11. Bxe6 fxe6 12. Qb3 Qd7 13. Qxb5 Rfb8 14. Qa4 d5 15. exd5 exd5 16. Qh4 Re8 17. Nb3 Be7 18. Nxe5 Nxe5 19. Rxe5 Ne4 20. Qg4 Qxg4 21. hxg4 Nxf2 22. Rxe7 Rxe7 23. Kxf2 Rf8+ 24. Kg3 a4 25. Nd2 Re1 26. Nf3 Rd1 27. b3 Rxd3 28. Ba3 Rb8 29. Bb4 d4 30. bxa4 dxc3 31. a3 Ra8 32. Rc1 Rxa4 33. Kf2 c5 34. Bxc5 Rxg4 35. Bb4 Rc4 36. Ke2 Rd5 37. Rxc3 Re4+ 38. Re3 Rg4 39. Kf2 Rf5 40. Kg1 Rc4 41. Re5 Rc1+ 42. Kh2 Rf7 43. a4 Rc4 44. Rb5 Rff4 45. Bd2 Rfe4 46. a5 Ra4 47. Rc5 Ra3 48. Bc3 Re3 49. Bd4 Re7 50. Rc8+ Kf7 51. Bc5 Rxa5 52. Bxe7 Kxe7 53. Kg3 Kf6 54. Rf8+ Kg6 55. Rc8 Kf6 56. Rc6+ Kf5 57. Nh4+ Ke5 58. Ng6+ Ke4 59. Kh4 Rg5 60. g3 Kf3 61. Rc3+ Ke4 62. Rc4+ Kf5 63. Nf4 Kf6 64. Rc6+ Kf7 65. g4 Kg8 66. Rc7 Re5 67. Rd7 g5+ 68. Kg3 Re3+ 69. Kf2 gxf4 70. Rd4 Kg7 1/2-1/2

[Event "BAN-chT Walton (Women)"]
[Site "Dhaka"]
[Date "2023.03.25"]
[Round "4"]
[White "Jannatul, Priti"]
[Black "Warsia, Khusbu"]
[Result "0-1"]
[WhiteElo "1343"]
[BlackElo "1836"]
[PlyCount "74"]
[EventDate "2023.03.22"]
[EventType "team-tourn"]
[EventRounds "7"]
[EventCountry "BAN"]
[SourceTitle "CBM 213 Extra"]
[Source "ChessBase"]
[SourceDate "2023.05.31"]
[SourceVersion "1"]
[SourceVersionDate "2023.05.31"]
[SourceQuality "1"]
[WhiteTeam "Shahin CC (W)"]
[BlackTeam "Bangladesh Navy (W)"]
[WhiteTeamCountry "BAN"]
[BlackTeamCountry "BAN"]

1. d4 Nf6 2. c4 g6 3. g3 Bg7 4. Bg2 0-0 5. Nc3 c6 6. e3 d5 7. cxd5 Nxd5 8. Nxd5 cxd5 9. Ne2 Nc6 10. 0-0 Bf5 11. a3 h5 12. Qb3 e6 13. Qxb7 Na5 14. Qb4 Rb8 15. Qe1 Nb3 16. Bd2 Nxa1 17. Qxa1 Bd3 18. Re1 Qb6 19. Bb4 Rfc8 20. Nf4 Be4 21. Rc1 Bxg2 22. Kxg2 Rc4 23. Nd3 a5 24. Bc3 a4 25. Nc5 Qc6 26. f4 e5 27. fxe5 Bxe5 28. Nd3 Bd6 29. Rf1 Qe8 30. Qe1 Qe4+ 31. Kg1 Qxd3 32. Qf2 Qf5 33. Qxf5 gxf5 34. Rxf5 Bxa3 35. bxa3 Rxc3 36. Rxd5 Rxe3 37. Rxh5 Rb2 0-1

[Event "BAN-ch rapid"]
[Site "Sheik"]
[Date "2023.02.25"]
[Round "2"]
[White "Mollika, Ray Moumita"]
[Black "Warsia, Khusbu"]
[Result "0-1"]
[WhiteElo "1441"]
[BlackElo "1830"]
[PlyCount "54"]
[EventDate "2023.02.25"]
[EventType "swiss (rapid)"]
[EventRounds "7"]
[EventCountry "BAN"]
[SourceTitle "EXT 2024"]
[Source "ChessBase"]
[SourceDate "2023.10.10"]
[SourceVersion "1"]
[SourceVersionDate "2023.10.10"]
[SourceQuality "1"]

1. e4 c5 2. d3 Nc6 3. Nc3 g6 4. Be3 d6 5. Qd2 Bg7 6. Nf3 h5 7. h3 Nf6 8. 0-0-0 Rb8 9. Ng5 b5 10. a3 b4 11. Nb1 bxa3 12. Nxa3 Rxb2 13. Qe1 Rb4 14. Kd2 Qa5 15. Ke2 Qxa3 16. Bd2 Rb2 17. Ra1 Ra2 18. Bc3 Rxc2+ 19. Bd2 Ra2 20. Rxa2 Nd4+ 21. Ke3 Qxa2 22. Be2 Nc2+ 23. Kf3 Nxe1+ 24. Bxe1 Bg4+ 25. Ke3 Qxe2+ 26. Kf4 e5+ 27. Kg3 h4+ 0-1

[Event "BAN-ch rapid"]
[Site "Sheik"]
[Date "2023.02.25"]
[Round "5"]
[White "Warsia, Khusbu"]
[Black "Shanjida, Shakib"]
[Result "1-0"]
[WhiteElo "1830"]
[BlackElo "1422"]
[PlyCount "77"]
[EventDate "2023.02.25"]
[EventType "swiss (rapid)"]
[EventRounds "7"]
[EventCountry "BAN"]
[SourceTitle "EXT 2024"]
[Source "ChessBase"]
[SourceDate "2023.10.10"]
[SourceVersion "1"]
[SourceVersionDate "2023.10.10"]
[SourceQuality "1"]

1. e4 e5 2. Nf3 Nc6 3. Bc4 Bc5 4. 0-0 Nf6 5. d3 h6 6. c3 0-0 7. d4 exd4 8. cxd4 Bb4 9. e5 Ne8 10. Nc3 d6 11. Bf4 dxe5 12. dxe5 Qxd1 13. Raxd1 Bxc3 14. bxc3 Be6 15. Bxe6 fxe6 16. Bg3 Rf5 17. Rd7 Rf7 18. Rd3 Rd8 19. Rxd8 Nxd8 20. Nd4 a6 21. Rd1 Rd7 22. Rb1 c5 23. Nb3 Rd5 24. c4 Rd3 25. Nxc5 Rc3 26. h3 Rxc4 27. Nxb7 Nxb7 28. Rxb7 Ra4 29. Re7 Kf8 30. Rxe6 Rxa2 31. Rb6 a5 32. Rb7 a4 33. Ra7 a3 34. e6 Ra1+ 35. Kh2 a2 36. Bf4 Rf1 37. Rxa2 Rxf2 38. Rb2 Rd2 39. Rxd2 1-0

[Event "BAN-ch (Women)"]
[Site "Dhaka"]
[Date "2022.11.28"]
[Round "11"]
[White "Kazi Zarin, Tasnim"]
[Black "Warsia, Khusbu"]
[Result "1-0"]
[WhiteElo "1860"]
[BlackElo "1540"]
[PlyCount "102"]
[EventDate "2022.11.17"]
[EventType "tourn"]
[EventRounds "11"]
[EventCountry "BAN"]
[SourceTitle "CBM 211 Extra"]
[Source "ChessBase"]
[SourceDate "2023.01.31"]
[SourceVersion "1"]
[SourceVersionDate "2023.01.31"]
[SourceQuality "1"]

1. e4 c5 2. Nf3 Nc6 3. Nc3 e5 4. Bc4 Be7 5. d3 Nf6 6. Nd2 a6 7. a4 Nd4 8. Nd5 0-0 9. Nxe7+ Qxe7 10. Nf1 Rb8 11. a5 d6 12. Ne3 Be6 13. c3 Bxc4 14. dxc4 Ne6 15. f3 g6 16. h4 Nf4 17. g3 N4h5 18. Kf2 Qe6 19. Qe2 Ne8 20. g4 Nf4 21. Qf1 Ng7 22. Nd5 f5 23. Nxf4 exf4 24. exf5 gxf5 25. g5 Nh5 26. Qd3 Rbd8 27. Re1 Qf7 28. Qd5 Qxd5 29. cxd5 Rfe8 30. Bd2 c4 31. Ra4 Rxe1 32. Kxe1 Rc8 33. Rb4 Rc5 34. Rxb7 Rxd5 35. Rc7 Rc5 36. Rxc5 dxc5 37. Kd1 Kf7 38. Kc2 Ke6 39. b4 Kd6 40. Kb2 Kc6 41. Bc1 Kb5 42. Ka3 cxb4+ 43. cxb4 c3 44. Kb3 Ng3 45. Bxf4 Ne2 46. Be3 f4 47. Bf2 Kc6 48. Kc2 Kd5 49. Kd3 Kc6 50. Kxe2 c2 51. Kd2 Kd5 1-0

[Event "BAN-ch (Women)"]
[Site "Dhaka"]
[Date "2022.11.21"]
[Round "5"]
[White "Nusrat Jahan, Alo"]
[Black "Warsia, Khusbu"]
[Result "0-1"]
[WhiteElo "1710"]
[BlackElo "1540"]
[PlyCount "118"]
[EventDate "2022.11.17"]
[EventType "tourn"]
[EventRounds "11"]
[EventCountry "BAN"]
[SourceTitle "CBM 211 Extra"]
[Source "ChessBase"]
[SourceDate "2023.01.31"]
[SourceVersion "1"]
[SourceVersionDate "2023.01.31"]
[SourceQuality "1"]

1. e4 c5 2. Nf3 Nc6 3. d4 cxd4 4. Nxd4 e5 5. Nf3 Nf6 6. Bd3 Bb4+ 7. c3 Be7 8. c4 0-0 9. 0-0 d6 10. h3 Be6 11. Nc3 Nb4 12. b3 Nd7 13. Bb1 Rc8 14. Nb5 Qb6 15. a3 Nc6 16. Be3 Nc5 17. b4 Bxc4 18. Nxd6 Bxd6 19. Qxd6 Bxf1 20. Bxc5 Qb5 21. Qd1 Be2 22. Qb3 Bxf3 23. Bd3 Nd4 24. Bxd4 Qd7 25. Bxe5 Rfd8 26. Bc4 Bxe4 27. Re1 Bg6 28. Bf1 Qd2 29. Qe3 Qxe3 30. fxe3 Rc2 31. Be2 Ra2 32. Bf3 b6 33. b5 Rxa3 34. Bc7 Rc8 35. Bd6 Rb3 36. Bg4 Rd8 37. Bc7 Re8 38. Kf2 Rb2+ 39. Kg3 Be4 40. Kf4 Rf2+ 41. Bf3 Bxf3 42. gxf3 Ra2 43. Rb1 h6 44. h4 Rh2 45. Kg4 Rc2 46. Bf4 Rc5 47. e4 h5+ 48. Kg3 Rd8 49. Rb3 f6 50. Be3 Rc2 51. Bf4 Ra2 52. Be3 Rc8 53. Rd3 Rb2 54. Ra3 Rxb5 55. Rxa7 Rb3 56. Bd4 Rd8 57. Ba1 Rdd3 58. e5 Rxf3+ 59. Kg2 Ra3 0-1

[Event "BAN-ch (Women)"]
[Site "Dhaka"]
[Date "2022.11.18"]
[Round "2"]
[White "Warsia, Khusbu"]
[Black "Sabiha, Marjana"]
[Result "1-0"]
[WhiteElo "1540"]
[BlackElo "1267"]
[PlyCount "97"]
[EventDate "2022.11.17"]
[EventType "tourn"]
[EventRounds "11"]
[EventCountry "BAN"]
[SourceTitle "CBM 211 Extra"]
[Source "ChessBase"]
[SourceDate "2023.01.31"]
[SourceVersion "1"]
[SourceVersionDate "2023.01.31"]
[SourceQuality "1"]

1. e4 d6 2. d4 Nf6 3. Nc3 c6 4. Nf3 Qa5 5. Bd3 Bg4 6. h3 Bxf3 7. Qxf3 Nbd7 8. 0-0 e5 9. d5 cxd5 10. exd5 a6 11. a3 Be7 12. Be3 Qc7 13. Rfd1 Nc5 14. Bxc5 Qxc5 15. Ne4 Qb6 16. Nxf6+ Bxf6 17. Rab1 Qd8 18. c4 b6 19. b4 0-0 20. Rbc1 Be7 21. Rc3 g6 22. g4 Bf6 23. Be4 Rc8 24. Rdc1 Be7 25. Qg3 Bh4 26. Qf3 Qg5 27. Kh1 Qe7 28. R1c2 Rc7 29. Qe3 Rb8 30. c5 bxc5 31. bxc5 dxc5 32. Rxc5 Rb1+ 33. Kg2 Rxc5 34. Rxc5 Rb2 35. Bc2 Qd6 36. Qc3 Rb8 37. Be4 Be7 38. Rc6 Qxa3 39. Qxe5 Rd8 40. Qc7 Qb4 41. Bf3 a5 42. Rc4 Qe1 43. Re4 Qd2 44. Rxe7 Rf8 45. d6 Qg5 46. Re3 Qd8 47. Qe7 a4 48. d7 a3 49. Qxd8 1-0

[Event "BAN-ch (Women)"]
[Site "Dhaka"]
[Date "2022.11.17"]
[Round "1"]
[White "Warsia, Khusbu"]
[Black "Khan, Nazrana"]
[Result "1/2-1/2"]
[WhiteElo "1540"]
[BlackElo "1908"]
[PlyCount "129"]
[EventDate "2022.11.17"]
[EventType "tourn"]
[EventRounds "11"]
[EventCountry "BAN"]
[SourceTitle "CBM 211 Extra"]
[Source "ChessBase"]
[SourceDate "2023.01.31"]
[SourceVersion "1"]
[SourceVersionDate "2023.01.31"]
[SourceQuality "1"]

1. e4 c5 2. Nf3 e6 3. d4 cxd4 4. Nxd4 a6 5. c4 Nf6 6. Nc3 Qc7 7. a3 b6 8. Be3 Bb7 9. f3 d6 10. Be2 Nbd7 11. Rc1 Be7 12. b4 Rc8 13. 0-0 0-0 14. Kh1 Qb8 15. Nb3 Rfe8 16. Qd4 h5 17. Na4 d5 18. cxd5 exd5 19. Nxb6 Nxb6 20. Qxb6 dxe4 21. fxe4 Rxc1 22. Bxc1 Bd8 23. Qf2 Qe5 24. Nc5 Bb6 25. Bf4 Qe7 26. Bg5 Bxc5 27. Bxf6 Bxf2 28. Bxe7 Rxe7 29. Rxf2 Rxe4 30. Kg1 g6 31. Bf3 Re7 32. Bxb7 Rxb7 33. Rf4 Kf8 34. Kf2 Ke7 35. Ke3 a5 36. Rd4 f6 37. Ke4 axb4 38. Rxb4 Ra7 39. a4 Ra5 40. Kd3 Kd6 41. Kc3 g5 42. Rb6+ Kc7 43. Rxf6 Rxa4 44. Rg6 Rg4 45. g3 Kd7 46. Kd3 Ke7 47. Ke3 Kf7 48. Rh6 h4 49. gxh4 gxh4 50. Kf3 Ra4 51. h3 Kg7 52. Re6 Kh7 53. Re4 Rxe4 54. Kxe4 Kg6 55. Kf4 Kh5 56. Kf5 Kh6 57. Kg4 Kg6 58. Kxh4 Kh6 59. Kg4 Kg6 60. h4 Kh6 61. h5 Kg7 62. Kg5 Kh7 63. h6 Kg8 64. Kg6 Kh8 65. h7 1/2-1/2

[Event "BAN-chB (Women) 41st"]
[Site "Dhaka"]
[Date "2022.11.10"]
[Round "4"]
[White "Sultana, Zakia"]
[Black "Warsia, Khusbu"]
[Result "0-1"]
[WhiteElo "1761"]
[BlackElo "1540"]
[PlyCount "138"]
[EventDate "2022.11.07"]
[EventType "swiss"]
[EventRounds "8"]
[EventCountry "BAN"]
[SourceTitle "EXT 2024"]
[Source "ChessBase"]
[SourceDate "2023.10.10"]
[SourceVersion "1"]
[SourceVersionDate "2023.10.10"]
[SourceQuality "1"]

1. d4 Nf6 2. Nf3 g6 3. Bf4 Bg7 4. e3 0-0 5. Be2 d6 6. Bg3 Bf5 7. Nbd2 Ne4 8. Nxe4 Bxe4 9. c3 b6 10. 0-0 Nd7 11. Nd2 Bb7 12. Bf3 c6 13. Qb3 e5 14. Rfd1 d5 15. h3 e4 16. Be2 h5 17. c4 h4 18. Bh2 Nf6 19. Rac1 Ba6 20. Qa3 Qc8 21. Bf1 Bxc4 22. Bxc4 dxc4 23. Nxc4 Qf5 24. Nd2 Rfc8 25. Qd6 c5 26. Qe5 cxd4 27. Rxc8+ Rxc8 28. Qxd4 Qb5 29. Be5 Qc6 30. Nb3 Re8 31. Rc1 Qe6 32. Bxf6 Bxf6 33. Qd2 Rd8 34. Qe2 Qe5 35. Nd4 Qd5 36. Nb3 a5 37. Rf1 a4 38. Nc1 Qd2 39. Qc4 Bxb2 40. Ne2 Qd3 41. Qc7 Qd6 42. Qc2 Be5 43. Qxe4 b5 44. Qxh4 Rd7 45. Qg4 Rd8 46. f4 Bg7 47. f5 Re8 48. fxg6 fxg6 49. Nf4 Kh7 50. Rd1 Qf6 51. Qf3 Qe5 52. Nd5 Rf8 53. Qg4 Bh6 54. e4 Qb2 55. Kh1 Qe5 56. Qd7+ Bg7 57. Qg4 Bh6 58. Qh4 Kg7 59. Ne3 Bxe3 60. Rd7+ Rf7 61. Rd1 Bg5 62. Qg4 Bf4 63. Qe2 Bg3 64. Qc2 Rf2 65. Qb1 Rf4 66. Rd7+ Kh6 67. Rd1 Rxe4 68. Qc1+ Kh5 69. Rg1 Re1 0-1

[Event "Dhaka Laila Alam Cup (Women) 12th"]
[Site "Dhaka"]
[Date "2022.05.08"]
[Round "4"]
[White "Warsia, Khusbu"]
[Black "Khan, Nazrana"]
[Result "0-1"]
[WhiteElo "1575"]
[BlackElo "1829"]
[PlyCount "92"]
[EventDate "2022.05.05"]
[EventType "swiss"]
[EventRounds "7"]
[EventCountry "BAN"]
[SourceTitle "CBM 208 Extra"]
[Source "ChessBase"]
[SourceDate "2022.07.31"]
[SourceVersion "1"]
[SourceVersionDate "2022.07.31"]
[SourceQuality "1"]

1. e4 c5 2. Nf3 e6 3. d4 cxd4 4. Nxd4 a6 5. c4 Nf6 6. Nc3 Qc7 7. a3 Nc6 8. Be3 Ne5 9. Rc1 d6 10. Be2 Be7 11. 0-0 0-0 12. f4 Ng6 13. Bf3 Bd7 14. b4 Rac8 15. Nce2 Qb8 16. Ng3 Rfe8 17. Qd2 b5 18. cxb5 axb5 19. Be2 e5 20. Rxc8 Rxc8 21. Ndf5 Bxf5 22. Nxf5 Nxe4 23. Qd3 Nc3 24. Bg4 Rc4 25. Rc1 Qc7 26. Bd2 Nxf4 27. Bxf4 exf4 28. Nxe7+ Qxe7 29. Kf1 Qe3 30. Qxe3 fxe3 31. Bd7 Rc7 32. Bf5 g6 33. Bd3 Kf8 34. Re1 Ra7 35. Ra1 d5 36. Ke1 d4 37. g4 Ke7 38. h4 Kd6 39. h5 Ke5 40. hxg6 fxg6 41. g5 Kf4 42. Kf1 Kxg5 43. a4 Rxa4 44. Rxa4 bxa4 45. b5 Nd5 46. Bc4 Nb6 0-1

[Event "Dhaka Al Mahmud Memorial"]
[Site "Dhaka"]
[Date "2022.02.12"]
[Round "8"]
[White "Mukitul, Islam Ripon"]
[Black "Warsia, Khusbu"]
[Result "1-0"]
[WhiteElo "1983"]
[BlackElo "1490"]
[PlyCount "67"]
[EventDate "2022.02.05"]
[EventType "swiss"]
[EventRounds "9"]
[EventCountry "BAN"]
[SourceTitle "CBM 206 Extra"]
[Source "ChessBase"]
[SourceDate "2022.03.31"]
[SourceVersion "1"]
[SourceVersionDate "2022.03.31"]
[SourceQuality "1"]

1. e4 c5 2. Nf3 Nc6 3. d4 cxd4 4. Nxd4 g6 5. Nxc6 bxc6 6. Qd4 Nf6 7. e5 Nd5 8. e6 f6 9. exd7+ Bxd7 10. Bc4 e5 11. Qd1 Be6 12. 0-0 Bg7 13. Qe2 Qc7 14. Na3 0-0 15. Bd2 Rfe8 16. Bb3 Nb6 17. c4 Rad8 18. Ba5 Qf7 19. c5 Bxb3 20. axb3 Rd5 21. Bxb6 axb6 22. cxb6 Bf8 23. Nc4 Rb5 24. Ra7 Qe6 25. Rd1 Rxb3 26. Rdd7 Re7 27. Rd6 Qf7 28. Rxe7 Bxe7 29. Rxc6 Bd8 30. Qd2 Be7 31. Rc7 Qe6 32. b7 Kf7 33. Qd8 e4 34. Nd6+ 1-0

[Event "Asian Academies Hybrid Chess-ch"]
[Site "Tornelo INT"]
[Date "2021.11.25"]
[Round "5.4"]
[White "Warsia, Khusbu"]
[Black "Mohammadi, Maryam"]
[Result "0-1"]
[WhiteElo "1505"]
[BlackElo "1163"]
[PlyCount "66"]
[EventDate "2021.11.21"]
[EventType "team-tourn"]
[EventRounds "7"]
[EventCountry "NET"]
[SourceTitle "EXT 2023"]
[Source "ChessBase"]
[SourceDate "2022.10.05"]
[SourceVersion "1"]
[SourceVersionDate "2022.10.05"]
[SourceQuality "1"]
[WhiteTeam "Basir Memorial CA"]
[BlackTeam "Pishgam Novin II"]
[WhiteTeamCountry "BAN"]
[BlackTeamCountry "IRI"]

1. e4 e5 2. Nf3 Nc6 3. Bc4 Bc5 4. c3 Nf6 5. d4 exd4 6. e5 d5 7. Bb5 Ne4 8. cxd4 Bb4+ 9. Bd2 Be7 10. Qc2 Bd7 11. Nc3 Nb4 12. Bxd7+ Qxd7 13. Qb1 Nxd2 14. Nxd2 c5 15. dxc5 d4 16. Nce4 d3 17. 0-0 Nc2 18. Nd6+ Bxd6 19. exd6 0-0 20. b4 a5 21. b5 Rac8 22. Ne4 Qe6 23. f3 f5 24. d7 Qxd7 25. Qb3+ Kh8 26. Rad1 fxe4 27. Qxc2 Qd4+ 28. Kh1 Rfd8 29. Qb3 e3 30. Rfe1 Rxc5 31. a4 Rc3 32. Qb2 d2 33. Re2 Qd3 0-1

[Event "Asian Academies Hybrid Chess-ch"]
[Site "Tornelo INT"]
[Date "2021.11.24"]
[Round "4.4"]
[White "Gholizadeh, Romina"]
[Black "Warsia, Khusbu"]
[Result "1-0"]
[WhiteElo "1254"]
[BlackElo "1505"]
[PlyCount "63"]
[EventDate "2021.11.21"]
[EventType "team-tourn"]
[EventRounds "7"]
[EventCountry "NET"]
[SourceTitle "EXT 2023"]
[Source "ChessBase"]
[SourceDate "2022.10.05"]
[SourceVersion "1"]
[SourceVersionDate "2022.10.05"]
[SourceQuality "1"]
[WhiteTeam "Pishgam Novin"]
[BlackTeam "Basir Memorial CA"]
[WhiteTeamCountry "IRI"]
[BlackTeamCountry "BAN"]

1. d4 d5 2. Nf3 Nf6 3. e3 e6 4. Bd3 c5 5. c3 Nc6 6. Nbd2 c4 7. Bc2 Bd6 8. 0-0 b5 9. e4 Be7 10. exd5 exd5 11. Re1 0-0 12. Ne5 Nxe5 13. Rxe5 Be6 14. Nf3 Bd6 15. Re1 h6 16. Ne5 Nd7 17. Qh5 Nf6 18. Qh4 Ng4 19. Qxd8 Raxd8 20. f4 Nxe5 21. fxe5 Be7 22. Bf4 a5 23. a3 b4 24. axb4 axb4 25. Ra7 Rd7 26. Rea1 Rxa7 27. Rxa7 Re8 28. Ba4 Kf8 29. Bxe8 Kxe8 30. cxb4 Bxb4 31. Kf2 c3 32. Ra4 1-0

[Event "BAN-chT (Women)"]
[Site "Dhaka"]
[Date "2021.09.15"]
[Round "8.4"]
[White "Warsia, Khusbu"]
[Black "Kazi Zarin, Tasnim"]
[Result "1-0"]
[WhiteElo "1411"]
[BlackElo "1822"]
[PlyCount "96"]
[EventDate "2021.09.08"]
[EventType "team-tourn"]
[EventRounds "9"]
[EventCountry "BAN"]
[SourceTitle "CBM 204 Extra"]
[Source "ChessBase"]
[SourceDate "2021.11.30"]
[SourceVersion "1"]
[SourceVersionDate "2021.11.30"]
[SourceQuality "1"]
[WhiteTeam "Basir Memorial CC (W)"]
[BlackTeam "Bangladesh Navy (W)"]
[WhiteTeamCountry "BAN"]
[BlackTeamCountry "BAN"]

1. e4 e5 2. Nf3 Nc6 3. Bc4 Bc5 4. c3 Nf6 5. d4 exd4 6. cxd4 Bb4+ 7. Nc3 Nxe4 8. 0-0 Bxc3 9. d5 Ne5 10. bxc3 Nxc4 11. Qd4 0-0 12. Qxe4 Nd6 13. Qg4 Re8 14. Bg5 f6 15. Bh6 Qe7 16. Rfe1 Qf7 17. Rxe8+ Nxe8 18. Re1 Kf8 19. Bf4 d6 20. Qh4 g5 21. Bxg5 Bd7 22. Bh6+ Kg8 23. c4 c5 24. Qg3+ Kh8 25. Bf4 Qf8 26. Nd2 Bf5 27. Qb3 Qf7 28. h3 Rd8 29. g4 Bg6 30. Qg3 Rd7 31. Re6 h5 32. g5 Bf5 33. Re3 Qf8 34. Qh4 Bg6 35. gxf6 Nxf6 36. Re6 Rf7 37. Bxd6 Qg7 38. Bg3 Bf5 39. Re5 Bg6 40. Rg5 Nd7 41. Kh2 Qf6 42. Rg4 Qf5 43. Rf4 Qd3 44. Rxf7 Bxf7 45. Qd8+ Kg7 46. Qxd7 Qxd2 47. Qxb7 Qg5 48. Qc7 Kf6 1-0

[Event "BAN-chT (Women)"]
[Site "Dhaka"]
[Date "2021.09.11"]
[Round "4.4"]
[White "Warsia, Khusbu"]
[Black "Tasnia Tarannum, Orpa"]
[Result "1/2-1/2"]
[WhiteElo "1411"]
[BlackElo "1577"]
[PlyCount "32"]
[EventDate "2021.09.08"]
[EventType "team-tourn"]
[EventRounds "9"]
[EventCountry "BAN"]
[SourceTitle "CBM 204 Extra"]
[Source "ChessBase"]
[SourceDate "2021.11.30"]
[SourceVersion "1"]
[SourceVersionDate "2021.11.30"]
[SourceQuality "1"]
[WhiteTeam "Basir Memorial CC (W)"]
[BlackTeam "Titas CC (W)"]
[WhiteTeamCountry "BAN"]
[BlackTeamCountry "BAN"]

1. e4 c5 2. Nf3 e6 3. d4 cxd4 4. Nxd4 Nf6 5. Nc3 Nc6 6. Be2 Bb4 7. Nxc6 bxc6 8. Qd3 d5 9. exd5 Nxd5 10. Bd2 0-0 11. Nxd5 Bxd2+ 12. Qxd2 cxd5 13. Bf3 Ba6 14. b3 Qf6 15. Rc1 Rac8 16. c3 Rfd8 1/2-1/2

[Event "BAN-chT (Women)"]
[Site "Dhaka"]
[Date "2021.09.10"]
[Round "3.3"]
[White "Nusrat, Jahan Liza"]
[Black "Warsia, Khusbu"]
[Result "1/2-1/2"]
[WhiteElo "1519"]
[BlackElo "1411"]
[PlyCount "66"]
[EventDate "2021.09.08"]
[EventType "team-tourn"]
[EventRounds "9"]
[EventCountry "BAN"]
[SourceTitle "CBM 204 Extra"]
[Source "ChessBase"]
[SourceDate "2021.11.30"]
[SourceVersion "1"]
[SourceVersionDate "2021.11.30"]
[SourceQuality "1"]
[WhiteTeam "Uttara Central CC (W)"]
[BlackTeam "Basir Memorial CC (W)"]
[WhiteTeamCountry "BAN"]
[BlackTeamCountry "BAN"]

1. e4 e5 2. Nf3 Nc6 3. Bc4 Bc5 4. 0-0 h6 5. h3 Nf6 6. Nc3 0-0 7. d3 d6 8. a3 a6 9. Ne2 Be6 10. Bxe6 fxe6 11. Be3 Ba7 12. Qd2 Bxe3 13. fxe3 Qe8 14. Ng3 Qg6 15. Kh2 Rad8 16. Qe2 Nh5 17. Nxh5 Qxh5 18. Rf2 g5 19. g4 Qg6 20. Rg1 d5 21. Nd2 Rxf2+ 22. Qxf2 Qf7 23. Qxf7+ Kxf7 24. Rf1+ Kg6 25. Kg3 Nb8 26. exd5 exd5 27. Rf5 Nd7 28. Nf3 Re8 29. h4 gxh4+ 30. Nxh4+ Kg7 31. Rf2 Nf6 32. Nf5+ Kg6 33. Nh4+ Kg7 1/2-1/2

[Event "BAN-chT (Women)"]
[Site "Dhaka"]
[Date "2021.09.08"]
[Round "1.4"]
[White "Warsia, Khusbu"]
[Black "Khan, Nazrana"]
[Result "0-1"]
[WhiteElo "1411"]
[BlackElo "1888"]
[PlyCount "64"]
[EventDate "2021.09.08"]
[EventType "team-tourn"]
[EventRounds "9"]
[EventCountry "BAN"]
[SourceTitle "CBM 204 Extra"]
[Source "ChessBase"]
[SourceDate "2021.11.30"]
[SourceVersion "1"]
[SourceVersionDate "2021.11.30"]
[SourceQuality "1"]
[WhiteTeam "Basir Memorial CC (W)"]
[BlackTeam "Bangladesh Police (W)"]
[WhiteTeamCountry "BAN"]
[BlackTeamCountry "BAN"]

1. e4 c5 2. Nf3 e6 3. d4 cxd4 4. Nxd4 a6 5. Nc3 Qc7 6. Be2 Nf6 7. f3 Nc6 8. Be3 Bb4 9. Nxc6 bxc6 10. 0-0 d5 11. exd5 cxd5 12. Qd4 Bd6 13. f4 0-0 14. Qb6 Qxb6 15. Bxb6 Rb8 16. Bd4 Rb4 17. Rad1 Nd7 18. b3 Be7 19. g4 Bf6 20. Bxf6 Nxf6 21. g5 Nd7 22. a3 Rb8 23. Na4 Bb7 24. b4 Rfc8 25. Rd2 Bc6 26. Nb2 a5 27. Nd3 axb4 28. Nxb4 Bb5 29. f5 Nc5 30. Bxb5 Rxb5 31. h4 Ne4 32. Kg2 Nxd2 0-1

[Event "BAN-ch Morning Glory Online"]
[Site "Chess.com INT"]
[Date "2020.10.31"]
[Round "7"]
[White "Ahmed, Mahtabuddin"]
[Black "Warsia, Khusbu"]
[Result "1/2-1/2"]
[WhiteElo "2192"]
[BlackElo "1304"]
[PlyCount "117"]
[EventDate "2020.10.29"]
[EventType "swiss"]
[EventRounds "9"]
[EventCountry "BAN"]
[SourceTitle "EXT 2022"]
[Source "ChessBase"]
[SourceDate "2021.10.06"]
[SourceVersion "1"]
[SourceVersionDate "2021.10.06"]
[SourceQuality "1"]

1. Nf3 Nf6 2. g3 Nc6 3. d4 e6 4. Bg2 d5 5. 0-0 Bd6 6. Nbd2 0-0 7. Re1 Re8 8. e4 dxe4 9. Nxe4 h6 10. b3 Nxe4 11. Rxe4 e5 12. d5 Nb8 13. Bb2 Bf5 14. Re1 Nd7 15. Nh4 Bh7 16. c4 e4 17. Bh3 Ne5 18. Re2 Nd3 19. Bd4 Nf4 20. Bf5 Bxf5 21. Nxf5 Nxe2+ 22. Qxe2 Qg5 23. Nxd6 cxd6 24. Re1 Kh7 25. h4 Qf5 26. Qc2 Qg4 27. Be3 f5 28. Qc3 Re7 29. c5 dxc5 30. Qxc5 Rd7 31. d6 Rad8 32. Bf4 g5 33. hxg5 hxg5 34. Be5 Kg6 35. Qd5 Re8 36. Rc1 f4 37. Rc7 fxg3 38. Bxg3 e3 39. Qd3+ Kh6 40. Rxd7 exf2+ 41. Kf1 Qxd7 42. Bxf2 Rf8 43. Qd4 Qf5 44. a4 Kh5 45. Ke1 Qb1+ 46. Kd2 Rc8 47. Ke2 Qc2+ 48. Kf1 Qxb3 49. Kg2 Rf8 50. Be3 Qc2+ 51. Kg3 Qf5 52. Kh2 Qf3 53. d7 Qe2+ 54. Kh1 Rf1+ 55. Bg1 Qf3+ 56. Kh2 Qe2+ 57. Kh1 Qf3+ 58. Kh2 Qe2+ 59. Kh1 1/2-1/2